[Event "Estrada Memorial 1st"]
[Site "Argentina"]
[Date "1991.??.??"]
[Round "?"]
[White "Soppe, Guillermo G"]
[Black "Bauza, Alejandro"]
[Result "1-0"]
[WhiteElo "2420"]
[BlackElo "2255"]
[PlyCount "117"]
[EventDate "1991.??.??"]
[Source "www.chesslib.no"]
[SourceDate "2004.05.04"]

1. d4 d5 2. c4 e6 3. Nc3 Nf6 4. Bg5 Nbd7 5. e3 c6 6. a3 Be7 7. Qc2 dxc4 8. Bxc4 e5 9. Nf3 exd4 10. Nxd4 Ne5 11. Be2 O-O 12. Rd1 Qa5 13. O-O Ng6 14. f4 Ng4 15. Bxe7 Nxe7 16. Qc1 c5 17. Ndb5 Nf6 18. e4 Be6 19. f5 Bb3 20. e5 Nfd5 21. Rxd5 Nxd5 22. f6 gxf6 23. exf6 Kh8 24. Qh6 Rg8 25. Bd3 Nxf6 26. Qxf6+ Rg7 27. Nd6 Qd8 28. Qe5 Qg5 29. Qxg5 Rxg5 30. Rxf7 Rg7 31. Rxg7 Kxg7 32. Nxb7 Rc8 33. Kf2 Bf7 34. Be4 Bg6 35. Bf3 Kf6 36. h4 Ke5 37. Na5 Be8 38. Ke3 c4 39. Bd5 Bb5 40. g4 Rc5 41. Be4 Bd7 42. Nb7 Rc7 43. g5 Bc6 44. Na5 Bxe4 45. Nxe4 Kd5 46. Kf4 Rf7+ 47. Nf6+ Kc5 48. Kf5 Kb5 49. Ke6 Rg7 50. Nxc4 Kxc4 51. Ne8 Rg6+ 52. Kf7 Rb6 53. Nf6 Rxb2 54. h5 Ra2 55. Nxh7 Rxa3 56. g6 Rg3 57. Nf6 a5 58. h6 a4 59. h7 1-0

[Event "Monarch Assurance"]
[Site "Isle of Man"]
[Date "2007.09.23"]
[Round "2.19"]
[White "Wright, William"]
[Black "Adly, Ahmed"]
[Result "0-1"]
[WhiteElo "2186"]
[BlackElo "2488"]
[PlyCount "62"]
[EventDate "2007.09.22"]
[Source "www.chesslib.no"]
[SourceDate "2004.05.04"]

1. d4 d5 2. c4 e6 3. Nc3 Nf6 4. Bg5 Nbd7 5. e3 c6 6. Qc2 Qa5 7. Bxf6 Nxf6 8. Nf3 Bb4 9. Nd2 O-O 10. Bd3 dxc4 11. Nxc4 Qh5 12. a3 Be7 13. Ne4 Nxe4 14. Bxe4 c5 15. dxc5 Bxc5 16. O-O Rb8 17. Rfd1 b6 18. Bf3 Qg5 19. Nd6 Ba6 20. b4 Bxd6 21. Rxd6 Rfc8 22. Qd2 Bb5 23. Rc1 Qe7 24. Rxc8+ Rxc8 25. g3 h6 26. Be4 Qc7 27. Kg2 Kf8 28. Bf3 Ke7 29. Rd4 e5 30. Rg4 g5 31. e4 Qc1 0-1

[Event "NED Team Ch"]
[Site "NED"]
[Date "1992.??.??"]
[Round "?"]
[White "Tjiam, Dharma"]
[Black "Kuijf, Marinus N"]
[Result "1/2-1/2"]
[WhiteElo "2225"]
[BlackElo "2440"]
[PlyCount "105"]
[EventDate "1992.??.??"]
[Source "www.chesslib.no"]
[SourceDate "2004.05.04"]

1. d4 d5 2. c4 e6 3. Nc3 Nf6 4. Bg5 Nbd7 5. e3 Bb4 6. cxd5 exd5 7. Bd3 O-O 8. Nge2 c6 9. O-O Re8 10. Qc2 Nf8 11. a3 Bd6 12. Bf4 Bg4 13. b4 a6 14. Rab1 Ng6 15. Bxd6 Bxe2 16. Bxe2 Qxd6 17. a4 b5 18. Rfc1 Re6 19. g3 Rae8 20. Bf3 h5 21. Ne2 h4 22. Bg2 hxg3 23. hxg3 Ng4 24. axb5 axb5 25. Qf5 Nh6 26. Qd3 Qe7 27. Bh3 Rd6 28. Rc2 Qg5 29. Rbc1 Qh5 30. Bg2 Ree6 31. Nf4 Nxf4 32. exf4 Ng4 33. Ra2 Re8 34. Re2 Rxe2 35. Qxe2 Re6 36. Qd2 Nf6 37. Re1 Ne4 38. Qc1 Qf5 39. Rf1 Rh6 40. Re1 Re6 41. Re3 Qg6 42. Bxe4 Rxe4 43. Rxe4 dxe4 44. Qc5 Qe6 45. f5 Qe8 46. d5 cxd5 47. Qxd5 e3 48. Kf1 exf2 49. Kxf2 Qb8 50. Kf3 Kf8 51. g4 f6 52. Ke4 Qg3 53. Qd8+ 1/2-1/2

[Event "Ceske Budejovice op"]
[Site "Ceske Budejovice"]
[Date "1998.??.??"]
[Round "?"]
[White "Meszaros, Ludek"]
[Black "Kozlov, Oleg"]
[Result "0-1"]
[WhiteElo "2255"]
[BlackElo "2410"]
[PlyCount "80"]
[EventDate "1998.08.??"]
[Source "www.chesslib.no"]
[SourceDate "2004.05.04"]

1. d4 d5 2. c4 e6 3. Nc3 Nf6 4. Bg5 Nbd7 5. e3 c6 6. Qc2 Qa5 7. Bxf6 Nxf6 8. Nf3 Bb4 9. Nd2 c5 10. Nb3 Bxc3+ 11. bxc3 Qa4 12. Qb2 cxd4 13. exd4 O-O 14. Nc5 Qa5 15. Be2 dxc4 16. Bxc4 b6 17. Nb3 Qg5 18. O-O Bb7 19. f4 Qg6 20. Qe2 Rac8 21. Nd2 Ne4 22. f5 exf5 23. Nxe4 Bxe4 24. Rf2 Qc6 25. Bb3 Qxc3 26. Rd1 Rcd8 27. d5 Rd6 28. Qa6 Qc7 29. Qa3 Rc8 30. Qa4 h5 31. Rd4 Rcd8 32. Rc4 Qd7 33. Rxe4 fxe4 34. Qxe4 Re8 35. Qd4 a5 36. Qc3 a4 37. Bc4 b5 38. Bf1 Rxd5 39. h3 Qa7 40. Qc6 Red8 0-1

[Event "Papp Memorial"]
[Site "Budapest, Papp mem"]
[Date "1995.??.??"]
[Round "7"]
[White "Dudas, Janos"]
[Black "Ivakhin, Maxim"]
[Result "1-0"]
[WhiteElo "2350"]
[BlackElo "2300"]
[PlyCount "37"]
[EventDate "1995.??.??"]
[Source "www.chesslib.no"]
[SourceDate "2004.05.04"]

1. d4 d5 2. c4 e6 3. Nc3 Nf6 4. Bg5 Nbd7 5. e3 c6 6. Qc2 Qa5 7. Bxf6 Nxf6 8. Nf3 dxc4 9. Bxc4 Nh5 10. Bb3 Qa6 11. O-O-O Kd7 12. e4 g5 13. h3 Bg7 14. d5 f5 15. Nh4 Nf4 16. Nf3 Nh5 17. g3 Qb5 18. Ne1 Qb4 19. Bc4 1-0

[Event "Papp Bela Memorial"]
[Site "HUN"]
[Date "1995.??.??"]
[Round "?"]
[White "Dudas, Janos"]
[Black "Ivakhin, Maxim"]
[Result "1-0"]
[WhiteElo "2350"]
[BlackElo "2300"]
[PlyCount "37"]
[EventDate "1995.??.??"]
[Source "www.chesslib.no"]
[SourceDate "2004.05.04"]

1. d4 d5 2. c4 e6 3. Nc3 Nf6 4. Bg5 Nbd7 5. e3 c6 6. Qc2 Qa5 7. Bxf6 Nxf6 8. Nf3 dxc4 9. Bxc4 b5 10. Bb3 c5 11. O-O Bd7 12. dxc5 Bxc5 13. Ne5 O-O 14. Ne4 Be7 15. Nxf6+ gxf6 16. Nxd7 Rfd8 17. Rfd1 Qb4 18. Rd4 Qa5 19. Rad1 1-0

[Event "Bled Open women"]
[Site "Bled SLO"]
[Date "1992.??.??"]
[Round "8"]
[White "Umanskaya, Irina"]
[Black "Misanovic, Vesna"]
[Result "0-1"]
[WhiteElo "2295"]
[BlackElo "2320"]
[PlyCount "58"]
[EventDate "1992.??.??"]
[Source "www.chesslib.no"]
[SourceDate "2004.05.04"]

1. d4 d5 2. c4 e6 3. Nc3 Nf6 4. Bg5 Nbd7 5. e3 Bb4 6. cxd5 exd5 7. Bd3 c5 8. Nge2 O-O 9. O-O h6 10. Bh4 c4 11. Bf5 Nb6 12. Qc2 Be7 13. a4 a5 14. Rfb1 Re8 15. b3 g6 16. Bxc8 Rxc8 17. bxc4 Rxc4 18. Bxf6 Bxf6 19. Qd3 Re6 20. Nxd5 Qxd5 21. Nf4 Qe4 22. Qxe4 Rxe4 23. Rxb6 Rxf4 24. exf4 Bxd4 25. Rbb1 Bxa1 26. Rxa1 Rxf4 27. g3 Rb4 28. h4 Kf8 29. Rc1 Rxa4 0-1

[Event "Baku Cup"]
[Site "Baku AZE"]
[Date "1995.??.??"]
[Round "?"]
[White "Joussifov, Nariman"]
[Black "Bagirov, Rufat"]
[Result "0-1"]
[WhiteElo "2270"]
[BlackElo "2270"]
[PlyCount "32"]
[EventDate "1995.??.??"]
[Source "www.chesslib.no"]
[SourceDate "2004.05.04"]

1. d4 d5 2. c4 e6 3. Nc3 Nf6 4. Bg5 Nbd7 5. e3 Bb4 6. a3 Bxc3+ 7. bxc3 c5 8. Bxf6 Nxf6 9. cxd5 Qa5 10. Qb3 O-O 11. Nf3 cxd4 12. exd4 Nxd5 13. Rc1 b6 14. Bc4 Bb7 15. O-O Nf4 16. Ne1 Bxg2 0-1

[Event "CZE Ch"]
[Site "Czech Republic"]
[Date "1993.??.??"]
[Round "2"]
[White "Hajek, Michal"]
[Black "Kalivoda, Jaroslav"]
[Result "0-1"]
[WhiteElo "2285"]
[BlackElo "2250"]
[PlyCount "126"]
[EventDate "1993.??.??"]
[Source "www.chesslib.no"]
[SourceDate "2004.05.04"]

1. d4 d5 2. c4 e6 3. Nc3 Nf6 4. Bg5 Nbd7 5. e3 c6 6. Qc2 Qa5 7. cxd5 Nxd5 8. Nf3 Bb4 9. Rc1 Qxa2 10. Bd3 Nxc3 11. O-O Qa4 12. bxc3 Qxc2 13. Rxc2 Be7 14. Bf4 O-O 15. c4 b6 16. Be4 Bb7 17. Ne5 Nxe5 18. Bxe5 f6 19. Bg3 Rfd8 20. Rb1 Rd7 21. c5 b5 22. f4 f5 23. Bf3 a5 24. Be1 b4 25. Ra2 Bd8 26. g4 g6 27. Ra4 Rc8 28. gxf5 gxf5 29. Be2 Rg7+ 30. Kh1 Rb8 31. Bc4 Bc8 32. Ra2 Kf8 33. e4 Bf6 34. Bf2 Bd8 35. e5 Kf7 36. Be2 Kf8 37. Rb3 Ra7 38. Be1 Rg7 39. Rbb2 Bd7 40. Ra4 Be8 41. Rb3 Rbb7 42. Bc4 Rg6 43. Ra1 Rbg7 44. Rg3 Rh6 45. Kg2 Rd7 46. Bf2 Rb7 47. h3 Rg6 48. Rxg6 hxg6 49. Bb3 Kf7 50. Kf3 Bd7 51. Ke3 g5 52. Rg1 gxf4+ 53. Kxf4 Rb8 54. Ke3 Be7 55. Ra1 Rh8 56. h4 Bxh4 57. Rxa5 Bxf2+ 58. Kxf2 Rh3 59. Bc4 Ra3 60. Rxa3 bxa3 61. Kg3 Bc8 62. Kh4 Ba6 63. Ba2 Bd3 0-1

[Event "Issy Les Moulineaux"]
[Site "?"]
[Date "1996.??.??"]
[Round "2"]
[White "Cairou Yannick"]
[Black "Zigura Oleg"]
[Result "0-1"]
[WhiteElo "2190"]
[BlackElo "2335"]
[PlyCount "104"]
[EventDate "1996.??.??"]
[Source "www.chesslib.no"]
[SourceDate "2004.05.04"]

1. d4 d5 2. c4 e6 3. Nc3 Nf6 4. Bg5 Nbd7 5. e3 c6 6. Qc2 Qa5 7. Nf3 Ne4 8. Bf4 Bb4 9. Nd2 Nxc3 10. bxc3 Bxc3 11. Rd1 Nf6 12. Bd3 dxc4 13. Bxc4 Nd5 14. Bd6 Bb4 15. Bxb4 Qxb4 16. O-O O-O 17. Ne4 Qe7 18. Nc5 b6 19. Nd3 Bb7 20. Qb2 h6 21. Rd2 Rac8 22. Rc1 Rfd8 23. e4 Nf6 24. f3 c5 25. dxc5 bxc5 26. Rdc2 Rc7 27. Qb3 Qd6 28. Kh1 Nd7 29. Nf2 Ne5 30. Be2 Nc6 31. Rd1 Nd4 32. Qb2 e5 33. Rcc1 Ba6 34. Bxa6 Qxa6 35. Nd3 Qd6 36. Qf2 c4 37. Ne1 Qa3 38. h3 Kh7 39. f4 Ne6 40. fxe5 Rxd1 41. Rxd1 c3 42. Nc2 Qxa2 43. Ra1 Qc4 44. Rxa7 Rxa7 45. Qxa7 Qxe4 46. Qf2 Nf4 47. Nd4 Nxg2 48. Qc2 Qxc2 49. Nxc2 Nf4 50. Kh2 Kg6 51. Nd4 Ne6 52. Ne2 Kf5 0-1

[Event "Nova Gorica women"]
[Site "Nova Gorica SLO"]
[Date "1992.??.??"]
[Round "?"]
[White "Krmelj, Natasa"]
[Black "Misanovic, Vesna"]
[Result "0-1"]
[WhiteElo "2130"]
[BlackElo "2390"]
[PlyCount "82"]
[EventDate "1992.??.??"]
[Source "www.chesslib.no"]
[SourceDate "2004.05.04"]

1. d4 d5 2. c4 e6 3. Nc3 Nf6 4. Bg5 Nbd7 5. e3 Bb4 6. cxd5 exd5 7. Bd3 c5 8. Nge2 c4 9. Bc2 O-O 10. O-O Be7 11. Re1 h6 12. Bh4 Re8 13. Ba4 g5 14. Bg3 a6 15. a3 b5 16. Bc2 Bb7 17. f3 Bf8 18. Bf2 Qb6 19. Ng3 a5 20. e4 b4 21. Nxd5 Nxd5 22. exd5 Bxd5 23. Ba4 Rxe1+ 24. Qxe1 Nf6 25. Ne4 Bxe4 26. fxe4 Ng4 27. h3 Nxf2 28. Qxf2 bxa3 29. bxa3 Rd8 30. Rf1 Qxd4 31. Qxd4 Rxd4 32. e5 Bxa3 33. Be8 Bc5 34. Kh2 Rf4 35. Ra1 Bb4 36. Rd1 c3 37. Ba4 Ba3 38. Bb3 a4 39. Bc2 Bb2 40. Rd8+ Kg7 41. Rd7 Kf8 0-1

[Event "corr M.050 IECG"]
[Site "?"]
[Date "1998.??.??"]
[Round "?"]
[White "Culp, Barry N"]
[Black "Jaluvka, Josef"]
[Result "1-0"]
[WhiteElo "2275"]
[BlackElo "2210"]
[PlyCount "47"]
[EventDate "1998.??.??"]
[Source "www.chesslib.no"]
[SourceDate "2004.05.04"]

1. d4 d5 2. c4 e6 3. Nc3 Nf6 4. Bg5 Nbd7 5. e3 h6 6. Bh4 Bb4 7. cxd5 exd5 8. Bd3 c5 9. Nge2 c4 10. Bc2 O-O 11. O-O Qb6 12. f3 Re8 13. e4 Bxc3 14. Nxc3 g5 15. Be1 Qe6 16. Bg3 a6 17. Re1 dxe4 18. fxe4 Qg4 19. Qd2 b5 20. e5 Nh7 21. Ne4 Ndf8 22. Nd6 Rd8 23. Rf1 Ra7 24. d5 1-0

[Event "Moscow op2"]
[Site "Moscow RUS"]
[Date "1995.??.??"]
[Round "9"]
[White "Kosyrev, Vladimir"]
[Black "Hamgokov, Artur"]
[Result "1-0"]
[WhiteElo "2155"]
[BlackElo "2325"]
[PlyCount "161"]
[EventDate "1995.11.??"]
[Source "www.chesslib.no"]
[SourceDate "2004.05.04"]

1. d4 d5 2. c4 e6 3. Nc3 Nf6 4. Bg5 Nbd7 5. e3 Bb4 6. cxd5 exd5 7. Bd3 c5 8. Nge2 Qa5 9. O-O c4 10. Bc2 Bxc3 11. Nxc3 O-O 12. Qf3 Re8 13. Bh4 b6 14. Ba4 Bb7 15. Bxf6 Nxf6 16. Bxe8 Rxe8 17. Qf4 b5 18. a3 Qb6 19. h3 a5 20. Qf5 Bc6 21. Qc2 Qb8 22. b4 a4 23. Rae1 Ne4 24. f3 Ng3 25. Rf2 f5 26. Qd2 Qd6 27. Ne2 Nh5 28. g4 Nf6 29. Kg2 Bd7 30. Ng3 fxg4 31. hxg4 h5 32. gxh5 Qe6 33. Kg1 Qh3 34. Rg2 Nh7 35. e4 Qh4 36. exd5 Rxe1+ 37. Qxe1 Ng5 38. Qe3 Nh3+ 39. Kf1 Nf4 40. Rg1 c3 41. Qxc3 Qh2 42. Qe3 Bh3+ 43. Ke1 Nd3+ 44. Qxd3 Qxg1+ 45. Nf1 Bxf1 46. Qxf1 Qxd4 47. Qxb5 Qe3+ 48. Qe2 Qxa3 49. Qe8+ Kh7 50. Qe4+ Kh8 51. d6 Qc1+ 52. Ke2 Qb2+ 53. Ke3 Qc3+ 54. Qd3 Qe1+ 55. Kd4 Qxb4+ 56. Kd5 Qa5+ 57. Ke6 Qd8 58. Qg6 a3 59. d7 Qb6+ 60. Kf7 Qb3+ 61. Qe6 Qxf3+ 62. Ke7 Qb7 63. h6 gxh6 64. Qxh6+ Kg8 65. Qg5+ Kh7 66. Qf5+ Kg7 67. Qg4+ Kh6 68. Qh3+ Kg6 69. Qxa3 Qe4+ 70. Kd8 Kf7 71. Qa2+ Kf8 72. Qf2+ Kg7 73. Qc5 Kf7 74. Kc8 Qg4 75. Qd5+ Ke7 76. Qe5+ Kf7 77. Qe8+ Kf6 78. Qf8+ Ke5 79. Qc5+ Kf6 80. Qd6+ Kf7 81. Kb8 1-0

[Event "It Open"]
[Site "Mainz GER"]
[Date "1989.??.??"]
[Round "7"]
[White "Mayer Joachim"]
[Black "Kersten, Uwe"]
[Result "1/2-1/2"]
[WhiteElo "2155"]
[BlackElo "2325"]
[PlyCount "66"]
[EventDate "1989.??.??"]
[Source "www.chesslib.no"]
[SourceDate "2004.05.04"]

1. d4 d5 2. c4 e6 3. Nc3 Nf6 4. Bg5 Nbd7 5. e3 c6 6. Qc2 Qa5 7. cxd5 exd5 8. Bd3 Be7 9. Nge2 O-O 10. O-O Re8 11. a3 Qd8 12. Ng3 h6 13. Bxf6 Nxf6 14. Rae1 Bf8 15. b4 g6 16. f3 Kg7 17. Qf2 a5 18. Rb1 axb4 19. axb4 h5 20. e4 h4 21. Nge2 Be7 22. e5 Ng8 23. g4 hxg3 24. hxg3 Nh6 25. Kg2 Ra6 26. Rh1 Qb6 27. Qe3 Rh8 28. Qc1 Ra8 29. b5 Qd8 30. bxc6 bxc6 31. Qb2 Bf5 32. Bxf5 Nxf5 33. Qb7 Rxh1 1/2-1/2

[Event "Corr"]
[Site "?"]
[Date "2002.04.30"]
[Round "?"]
[White "Schmidt Theo"]
[Black "Schumacher Horst"]
[Result "1-0"]
[WhiteElo "2216"]
[BlackElo "2258"]
[PlyCount "75"]
[EventDate "2002.??.??"]
[Source "www.chesslib.no"]
[SourceDate "2004.05.04"]

1. d4 d5 2. c4 e6 3. Nc3 Nf6 4. Bg5 Nbd7 5. e3 c6 6. a3 Be7 7. Qc2 h6 8. Bh4 O-O 9. Nf3 Re8 10. Bd3 Bd6 11. O-O dxc4 12. Bxc4 Qc7 13. Rfd1 b6 14. Rac1 Bb7 15. Bd3 a6 16. Ne4 Nxe4 17. Bxe4 Rec8 18. Qd2 a5 19. Rc3 a4 20. Bb1 Nf8 21. Bg3 Bxg3 22. hxg3 c5 23. dxc5 bxc5 24. Qc2 Bd5 25. Nd2 f5 26. Re1 Rab8 27. e4 fxe4 28. Nxe4 Qe5 29. Qc1 c4 30. Nd2 Qf6 31. Ba2 Rc7 32. Bxc4 Rcb7 33. Bxd5 exd5 34. Rc5 Rd8 35. Ra5 Qxb2 36. Rxa4 Qxc1 37. Rxc1 Ne6 38. f4 1-0

[Event "Krynica"]
[Site "?"]
[Date "2001.??.??"]
[Round "11"]
[White "Jakubowski Marcin"]
[Black "Wasilewski Pawel"]
[Result "1/2-1/2"]
[WhiteElo "2245"]
[BlackElo "2170"]
[PlyCount "40"]
[EventDate "2001.??.??"]
[Source "www.chesslib.no"]
[SourceDate "2004.05.04"]

1. d4 d5 2. c4 e6 3. Nc3 Nf6 4. Bg5 Nbd7 5. e3 c6 6. Qc2 Qa5 7. Bxf6 Nxf6 8. Nf3 Bb4 9. Nd2 O-O 10. Bd3 Re8 11. O-O Bf8 12. a3 Qc7 13. Rac1 Bd7 14. b4 dxc4 15. Nxc4 Rec8 16. Ne5 Be8 17. f4 g6 18. g4 Bg7 19. Qf2 a5 20. f5 exf5 1/2-1/2

[Event "Timisoara Open"]
[Site "Timisoara"]
[Date "1995.??.??"]
[Round "2"]
[White "Pedersen, Svend"]
[Black "Nicoara, Malina"]
[Result "0-1"]
[WhiteElo "2275"]
[BlackElo "2130"]
[PlyCount "114"]
[EventDate "1995.??.??"]
[Source "www.chesslib.no"]
[SourceDate "2004.05.04"]

1. d4 d5 2. c4 e6 3. Nc3 Nf6 4. Bg5 Nbd7 5. e3 c6 6. Bxf6 Nxf6 7. c5 Qa5 8. a3 Ne4 9. b4 Nxc3 10. Qc2 Qc7 11. Qxc3 Be7 12. Bd3 O-O 13. Nf3 Bf6 14. O-O Re8 15. Rfe1 e5 16. e4 exd4 17. Nxd4 dxe4 18. Rxe4 Rxe4 19. Bxe4 Qe5 20. Re1 Qxd4 21. Qxd4 Bxd4 22. Bxc6 f6 23. Re8+ Kf7 24. Bd7 Bxd7 25. Rxa8 a6 26. Ra7 Bc6 27. Ra8 Ke7 28. Rh8 h6 29. Rg8 f5 30. g3 Be8 31. Kg2 g6 32. h4 Kf7 33. Rxe8 Kxe8 34. f3 Kd7 35. g4 fxg4 36. fxg4 Kc6 37. Kf3 Kb5 38. Ke4 Bb2 39. Kd5 Bxa3 40. Ke6 Bxb4 41. Kf6 Bxc5 42. Kxg6 Be3 43. g5 hxg5 44. hxg5 a5 45. Kf5 Bxg5 46. Kxg5 a4 47. Kf4 a3 48. Ke5 a2 49. Kd6 a1=Q 50. Kd5 Qa4 51. Ke5 Kc5 52. Ke6 Qf4 53. Ke7 Qh6 54. Kd7 Qd6+ 55. Kc8 Qe7 56. Kb8 b5 57. Ka8 Kb6 0-1

[Event "Komercni Banka op"]
[Site "Pardubice"]
[Date "1996.??.??"]
[Round "3"]
[White "Kindl, Peter"]
[Black "Grunina, Elena"]
[Result "1-0"]
[WhiteElo "2310"]
[BlackElo "2090"]
[PlyCount "64"]
[EventDate "1996.07.??"]
[Source "www.chesslib.no"]
[SourceDate "2004.05.04"]

1. d4 d5 2. c4 e6 3. Nc3 Nf6 4. Bg5 Nbd7 5. e3 Bb4 6. cxd5 exd5 7. Bd3 c5 8. Nge2 O-O 9. O-O Nb6 10. dxc5 Bxc5 11. Qc2 h6 12. Bh4 Bd6 13. h3 Bd7 14. Rfd1 Re8 15. Rac1 Rc8 16. Qd2 Be6 17. Nb5 Bb8 18. Nbd4 Kh8 19. Rxc8 Bxc8 20. Bb1 g5 21. Bg3 Bxg3 22. Nxg3 Ne4 23. Bxe4 dxe4 24. Qc2 Qe7 25. Nb5 Be6 26. Qc3+ f6 27. Nxe4 Kg7 28. Ng3 Rc8 29. Qd4 Rc4 30. Qd3 Qc5 31. Nh5+ Kf8 32. Qd8+ Kf7 1-0

[Event "Corr"]
[Site "?"]
[Date "2001.03.15"]
[Round "?"]
[White "Kozhakin Vladimir Vladimirov"]
[Black "Reisinger Georg (GER)"]
[Result "1/2-1/2"]
[WhiteElo "2157"]
[BlackElo "2238"]
[PlyCount "72"]
[EventDate "2001.??.??"]
[Source "www.chesslib.no"]
[SourceDate "2004.05.04"]

1. d4 d5 2. c4 e6 3. Nc3 Nf6 4. Bg5 Nbd7 5. e3 c6 6. a3 Be7 7. Nf3 O-O 8. Qc2 h6 9. Bh4 b6 10. cxd5 cxd5 11. Bd3 Bb7 12. O-O Rc8 13. Rfc1 Ne4 14. Bxe7 Qxe7 15. Qb3 Nxc3 16. Rxc3 Rxc3 17. Qxc3 Rc8 18. Qe1 Qd6 19. b4 Qc7 20. a4 Qc3 21. Qb1 a6 22. b5 a5 23. Qd1 Rc7 24. h3 Nf6 25. Ne5 Ne4 26. Bxe4 dxe4 27. Nc6 Qd3 28. Qc1 Bxc6 29. bxc6 Qb3 30. Ra3 Qb4 31. g3 g5 32. Kg2 Rxc6 33. Qxc6 Qxa3 34. d5 Qc5 35. Qe8+ Qf8 36. Qc6 Qc5 1/2-1/2

[Event "Matra Cup"]
[Site "?"]
[Date "2002.03.30"]
[Round "5"]
[White "Somodi Balazs"]
[Black "Restas Peter"]
[Result "1-0"]
[WhiteElo "2132"]
[BlackElo "2241"]
[PlyCount "113"]
[EventDate "2002.??.??"]
[Source "www.chesslib.no"]
[SourceDate "2004.05.04"]

1. d4 d5 2. c4 e6 3. Nc3 Nf6 4. Bg5 Nbd7 5. e3 Bb4 6. Nf3 c5 7. Qc2 Qa5 8. Nd2 Ne4 9. Ndxe4 dxe4 10. Bf4 cxd4 11. exd4 e5 12. Bd2 exd4 13. Qxe4+ Qe5 14. Qxe5+ Nxe5 15. Nb5 Bxd2+ 16. Kxd2 O-O 17. Nxd4 b6 18. Be2 Bb7 19. f4 Ng6 20. f5 Nh4 21. Bf3 Bxf3 22. gxf3 Rac8 23. b3 Rc5 24. Kc3 Nxf5 25. Rad1 Ne3 26. Rd3 Nd5+ 27. Kb2 Nf4 28. Rd2 Re8 29. Rhd1 g6 30. Nb5 a6 31. Nc3 b5 32. Ne4 Rc6 33. Rd6 Re6 34. Rxc6 Rxc6 35. Rd6 Rc7 36. Rxa6 bxc4 37. b4 Nd5 38. Nf6+ Nxf6 39. Rxf6 Re7 40. Kc3 Ra7 41. b5 Rxa2 42. b6 Ra1 43. Kxc4 Kf8 44. Kc5 Ke7 45. Rc6 Rb1 46. Rc7+ Ke6 47. Kc6 h5 48. b7 g5 49. Rc8 Rc1+ 50. Kb6 Rb1+ 51. Kc7 g4 52. fxg4 hxg4 53. b8=Q Rxb8 54. Rxb8 f5 55. Kc6 f4 56. Kc5 Kf5 57. Kd4 1-0

[Event "Corr"]
[Site "?"]
[Date "2005.02.10"]
[Round "?"]
[White "Mayer Eduardo"]
[Black "Bilsel Sabahaddin"]
[Result "1-0"]
[WhiteElo "2267"]
[BlackElo "2103"]
[PlyCount "99"]
[EventDate "2005.??.??"]
[Source "www.chesslib.no"]
[SourceDate "2004.05.04"]

1. d4 d5 2. c4 e6 3. Nc3 Nf6 4. Bg5 Nbd7 5. e3 c6 6. Bd3 Qa5 7. Bh4 dxc4 8. Bxc4 b5 9. Bd3 b4 10. Qa4 Qh5 11. Bxf6 bxc3 12. Be5 cxb2 13. Rb1 Nxe5 14. dxe5 Rb8 15. Nf3 Bb4+ 16. Ke2 O-O 17. Rxb2 c5 18. a3 c4 19. Bxc4 Bd6 20. Rxb8 Bxb8 21. Qc6 g5 22. g4 Qxg4 23. Bd3 Qh5 24. h3 Bxe5 25. Rb1 f6 26. Ke1 Qf7 27. Nxe5 fxe5 28. Rb2 a6 29. Qd6 Qf3 30. Qe7 Qh1+ 31. Ke2 Qf3+ 32. Kd2 Qxf2+ 33. Kc3 Qe1+ 34. Rd2 e4 35. Qxg5+ Kf7 36. Be2 Qa1+ 37. Kb4 Qg7 38. Bh5+ Kg8 39. Rg2 Qxg5 40. Rxg5+ Kh8 41. Bg4 Rd8 42. a4 h6 43. Re5 Kg7 44. Rxe4 Kf6 45. Ka5 h5 46. Be2 e5 47. h4 Bf5 48. Rb4 Bd3 49. Bxh5 e4 50. Rb6+ 1-0

[Event "SVR-chB"]
[Site "Nickenich"]
[Date "1998.??.??"]
[Round "?"]
[White "Knapp, Michael"]
[Black "Strassner, Andreas"]
[Result "0-1"]
[WhiteElo "2140"]
[BlackElo "2200"]
[PlyCount "76"]
[EventDate "1998.04.??"]
[Source "www.chesslib.no"]
[SourceDate "2004.05.04"]

1. d4 d5 2. c4 e6 3. Nc3 Nf6 4. Bg5 Nbd7 5. e3 c6 6. cxd5 cxd5 7. Nf3 Be7 8. Bd3 O-O 9. Qc2 a6 10. Ne5 h6 11. h4 Nxe5 12. dxe5 Nd7 13. f4 Re8 14. g4 b5 15. Ne2 Bb7 16. Nd4 Rc8 17. Qe2 Nxe5 18. Bxe7 Nxd3+ 19. Qxd3 Qxe7 20. g5 Qb4+ 21. Qd2 Qxd2+ 22. Kxd2 h5 23. Rac1 Kf8 24. Rxc8 Rxc8 25. Rc1 Rxc1 26. Kxc1 Ke7 27. Kd2 f6 28. f5 Bc8 29. gxf6+ Kxf6 30. fxe6 Bxe6 31. Kc3 Bg4 32. Nc2 g5 33. hxg5+ Kxg5 34. Nb4 h4 35. Nd3 h3 36. Nf2 h2 37. e4 dxe4 38. Nxe4+ Kf4 0-1

[Event "Malaga Ch"]
[Site "Malaga ESP"]
[Date "1984.05.05"]
[Round "6"]
[White "Jimenez Clavero, Miguel Angel"]
[Black "Duran Leon, Ramon"]
[Result "1/2-1/2"]
[WhiteElo "2197"]
[BlackElo "2119"]
[PlyCount "34"]
[EventDate "1984.03.31"]
[Source "www.chesslib.no"]
[SourceDate "2004.05.04"]

1. d4 d5 2. c4 e6 3. Nc3 Nf6 4. Bg5 Nbd7 5. e3 Bb4 6. Nf3 c5 7. Bd3 Qa5 8. O-O cxd4 9. exd4 Bxc3 10. bxc3 dxc4 11. Bxc4 Ne4 12. Bd2 b6 13. Qc2 Bb7 14. Bd3 Nxd2 15. Nxd2 Rc8 16. Nc4 Qd5 17. Ne3 Qc6 1/2-1/2

[Event "XXV Open del Liechtenstein"]
[Site "Triesen LIE"]
[Date "2007.05.13"]
[Round "3"]
[White "Duhayon, Y."]
[Black "Heyl, T."]
[Result "1-0"]
[WhiteElo "2234"]
[BlackElo "2078"]
[PlyCount "63"]
[EventDate "2007.05.11"]
[Source "www.chesslib.no"]
[SourceDate "2004.05.04"]

1. d4 d5 2. c4 e6 3. Nc3 Nf6 4. Bg5 Nbd7 5. e3 Bb4 6. cxd5 exd5 7. Bd3 O-O 8. Qc2 g6 9. Nge2 c6 10. h4 Be7 11. O-O-O Ng4 12. Bxe7 Qxe7 13. Nf4 Ndf6 14. Rde1 Ne4 15. Bxe4 dxe4 16. f3 exf3 17. gxf3 Nf6 18. h5 g5 19. Rhg1 h6 20. e4 Kh8 21. Nd3 Be6 22. f4 gxf4 23. Nxf4 Rg8 24. d5 Rxg1 25. Rxg1 Bxd5 26. Qd2 Bxe4 27. Nfd5 Qe5 28. Nxf6 Qxf6 29. Nxe4 Qe6 30. Qd4+ f6 31. Nxf6 Qf7 32. Ne8+ 1-0

[Event "Int. tournament"]
[Site "Int. tournament, Caorle"]
[Date "1981.??.??"]
[Round "?"]
[White "Ujhazi, Ivan"]
[Black "Kinlay Jonathan"]
[Result "0-1"]
[WhiteElo "2000"]
[BlackElo "2260"]
[PlyCount "32"]
[EventDate "1981.??.??"]
[Source "www.chesslib.no"]
[SourceDate "2004.05.04"]

1. d4 d5 2. c4 e6 3. Nc3 Nf6 4. Bg5 Nbd7 5. e3 Bb4 6. Bd3 c6 7. Nf3 Qa5 8. Qc2 Ne4 9. Bxe4 dxe4 10. Qxe4 Bxc3+ 11. bxc3 Qxc3+ 12. Ke2 Qxc4+ 13. Ke1 b6 14. Qb1 Ba6 15. Qd1 Qc3+ 16. Qd2 Qxa1+ 0-1

[Event "BL 0102 (Women)"]
[Site "?"]
[Date "2002.03.02"]
[Round "6.4"]
[White "Goehler Antje"]
[Black "Schmidt Andrea"]
[Result "1-0"]
[WhiteElo "2151"]
[BlackElo "2104"]
[PlyCount "91"]
[EventDate "2002.??.??"]
[Source "www.chesslib.no"]
[SourceDate "2004.05.04"]

1. d4 d5 2. c4 e6 3. Nc3 Nf6 4. Bg5 Nbd7 5. e3 Bb4 6. cxd5 exd5 7. Bd3 c5 8. Nge2 cxd4 9. exd4 O-O 10. O-O Nb6 11. Nf4 Be7 12. Qf3 Bg4 13. Qg3 Qd7 14. h3 Bf5 15. Bb5 Qd6 16. Bxf6 Bxf6 17. Nfxd5 Qd8 18. Nxf6+ Qxf6 19. Qf3 a6 20. Be2 Qg6 21. Rad1 Rfd8 22. Bd3 Bxd3 23. Qxd3 Qd6 24. Rfe1 h6 25. Ne4 Qd5 26. b3 Rac8 27. Qg3 Rc6 28. Qe5 Rc2 29. Qg3 Kh8 30. a4 Re8 31. Qd3 Rc6 32. Nc5 Rxe1+ 33. Rxe1 Rg6 34. Re8+ Kh7 35. Qe4 Qg5 36. h4 Qh5 37. Re5 Qd1+ 38. Kh2 h5 39. f3 Kg8 40. Rxh5 Rh6 41. Qe8+ Kh7 42. Rxh6+ Kxh6 43. Qh8+ Kg6 44. h5+ Kg5 45. Qxg7+ Kxh5 46. g4+ 1-0